000 01209nam1a22003131 4500
001 RU\NLR\BIBL_A\022485917
005 20250807185219.0
035 _a(NLR Aleph) 022485917
090 _a88663
_c88663
100 _a20250807 rusy50
101 0 _abel
102 _aBY
105 _a||||j||||||||
181 0 _ai4
_baxxe
182 0 _an
200 1 _aГраматыка беларускай мовы
_eпадручнік для сямігадовай і сярэдняй школы
_fА. С. Карзон і М. Жыркевіч
_gпад рэд. Якуба Коласа
203 _aТекст
_bвизуальный
_cнепосредственный
210 _aМінск
_cДзярж. выд-ва БССР
_d1945-
215 _d20
700 1 _aКорзон
_bА. С.
_f1897-
_gАнтон Семенович
_3RU\NLR\AUTH\770278437
701 1 _aЖиркевич
_bМ. И.
_f1899-1984
_gМихаил Иванович
_3RU\NLR\AUTH\770278448
852 _aNLR
_jЯ60 Г-3/207
899 _aНБ Беларуси
942 _cBOOK
945 _aРоссийская национальная библиотека
980 _aBV
980 _aBEL